Algebra
Shranjeno v:
| Glavni avtor: | |
|---|---|
| Format: | Knjiga |
| Jezik: | Undetermined |
| Izdano: |
New Delhi, India
Narosa Publishing House
2002
|
| Teme: | |
| Oznake: |
Označite
Brez oznak, prvi označite!
|
| Thư viện lưu trữ: | Trung tâm Học liệu Trường Đại học Cần Thơ |
|---|
| LEADER | 00554nam a2200193Ia 4500 | ||
|---|---|---|---|
| 001 | CTU_128510 | ||
| 008 | 210402s9999 xx 000 0 und d | ||
| 020 | |c 997000 | ||
| 082 | |a 512 | ||
| 082 | |b L973/Vol.2 | ||
| 100 | |a Luthar, I. S. | ||
| 245 | 0 | |a Algebra | |
| 245 | 0 | |c I.S. Luthar and I. B. S. Passi (Inder Bir S. Passi) | |
| 260 | |a New Delhi, India | ||
| 260 | |b Narosa Publishing House | ||
| 260 | |c 2002 | ||
| 650 | |a Algebra,Rings ( algebra ),Đại số học | ||
| 904 | |i Minh | ||
| 980 | |a Trung tâm Học liệu Trường Đại học Cần Thơ | ||